<?xml version="1.0" encoding="UTF-8"?>
<record
    xmlns:xsi="http://www.w3.org/2001/XMLSchema-instance"
    xsi:schemaLocation="http://www.loc.gov/MARC21/slim http://www.loc.gov/standards/marcxml/schema/MARC21slim.xsd"
    xmlns="http://www.loc.gov/MARC21/slim">

  <leader>01059nam2a22002771  4500</leader>
  <controlfield tag="001">v19\rc\1272700</controlfield>
  <controlfield tag="005">20260406095202.0</controlfield>
  <datafield tag="035" ind1=" " ind2=" ">
    <subfield code="a">(NLR Aleph) 005189412</subfield>
  </datafield>
  <datafield tag="090" ind1=" " ind2=" ">
    <subfield code="a">5197179</subfield>
    <subfield code="c">5197179</subfield>
  </datafield>
  <datafield tag="100" ind1=" " ind2=" ">
    <subfield code="a">20060306d1896    |||y0rusy50      ca</subfield>
  </datafield>
  <datafield tag="101" ind1="0" ind2=" ">
    <subfield code="a">rus</subfield>
  </datafield>
  <datafield tag="102" ind1=" " ind2=" ">
    <subfield code="a">RU</subfield>
  </datafield>
  <datafield tag="105" ind1=" " ind2=" ">
    <subfield code="a">y   z   |||||</subfield>
  </datafield>
  <datafield tag="200" ind1="1" ind2=" ">
    <subfield code="a">&#x417;&#x43B;&#x430;&#x44F; &#x437;&#x430;&#x431;&#x430;&#x432;&#x430;</subfield>
    <subfield code="e">&#x41C;&#x44B;&#x441;&#x43B;&#x438; &#x43E;&#x431; &#x43E;&#x445;&#x43E;&#x442;&#x435;...</subfield>
  </datafield>
  <datafield tag="205" ind1=" " ind2=" ">
    <subfield code="a">2-&#x435; &#x438;&#x437;&#x434;.</subfield>
  </datafield>
  <datafield tag="210" ind1=" " ind2=" ">
    <subfield code="d">1896</subfield>
    <subfield code="a">&#x411;. &#x43C;.</subfield>
  </datafield>
  <datafield tag="461" ind1=" " ind2="0">
    <subfield code="1">001RU\NLR\19V\602191</subfield>
    <subfield code="1">2001#$a&#x414;&#x43B;&#x44F; &#x438;&#x43D;&#x442;&#x435;&#x43B;&#x43B;&#x438;&#x433;&#x435;&#x43D;&#x442;&#x43D;&#x44B;&#x445; &#x447;&#x438;&#x442;&#x430;&#x442;&#x435;&#x43B;&#x435;&#x439;$e1$vVI</subfield>
    <subfield code="9">10737726</subfield>
    <subfield code="c">&#x41C;&#x43E;&#x441;&#x43A;&#x432;&#x430;</subfield>
    <subfield code="d">1894-1905</subfield>
    <subfield code="e">2-&#x435; &#x438;&#x437;&#x434;.</subfield>
    <subfield code="n">"&#x41F;&#x43E;&#x441;&#x440;&#x435;&#x434;&#x43D;&#x438;&#x43A;"</subfield>
    <subfield code="o">1</subfield>
    <subfield code="t">&#x414;&#x43B;&#x44F; &#x438;&#x43D;&#x442;&#x435;&#x43B;&#x43B;&#x438;&#x433;&#x435;&#x43D;&#x442;&#x43D;&#x44B;&#x445; &#x447;&#x438;&#x442;&#x430;&#x442;&#x435;&#x43B;&#x435;&#x439;</subfield>
    <subfield code="v">VI</subfield>
  </datafield>
  <datafield tag="517" ind1="0" ind2=" ">
    <subfield code="a">&#x41C;&#x44B;&#x441;&#x43B;&#x438; &#x43E;&#x431; &#x43E;&#x445;&#x43E;&#x442;&#x435;...</subfield>
  </datafield>
  <datafield tag="700" ind1=" " ind2="1">
    <subfield code="8">rus</subfield>
    <subfield code="7">ca</subfield>
    <subfield code="a">&#x427;&#x435;&#x440;&#x442;&#x43A;&#x43E;&#x432;</subfield>
    <subfield code="b">&#x412;. &#x413;.</subfield>
    <subfield code="f">1854-1936</subfield>
    <subfield code="g">&#x412;&#x43B;&#x430;&#x434;&#x438;&#x43C;&#x438;&#x440; &#x413;&#x440;&#x438;&#x433;&#x43E;&#x440;&#x44C;&#x435;&#x432;&#x438;&#x447;</subfield>
    <subfield code="3">RU\NLR\AUTH\7771380</subfield>
    <subfield code="9">54308</subfield>
  </datafield>
  <datafield tag="801" ind1=" " ind2="0">
    <subfield code="a">RU</subfield>
    <subfield code="b">NLR</subfield>
    <subfield code="c">20060306</subfield>
    <subfield code="g">psbo</subfield>
  </datafield>
  <datafield tag="801" ind1=" " ind2="1">
    <subfield code="a">RU</subfield>
    <subfield code="b">ProSoft-M</subfield>
    <subfield code="c">20060306</subfield>
    <subfield code="2">rusmarc</subfield>
  </datafield>
  <datafield tag="801" ind1=" " ind2="2">
    <subfield code="a">RU</subfield>
    <subfield code="b">NLR</subfield>
    <subfield code="c">20070815</subfield>
    <subfield code="2">rusmarc</subfield>
  </datafield>
  <datafield tag="852" ind1=" " ind2=" ">
    <subfield code="a">NLR</subfield>
    <subfield code="j">20.95.2.139</subfield>
  </datafield>
  <datafield tag="852" ind1=" " ind2=" ">
    <subfield code="a">NLR</subfield>
    <subfield code="j">20.86.6.23</subfield>
  </datafield>
  <datafield tag="942" ind1=" " ind2=" ">
    <subfield code="c">BOOK</subfield>
  </datafield>
  <datafield tag="980" ind1=" " ind2=" ">
    <subfield code="a">NB</subfield>
  </datafield>
  <datafield tag="995" ind1=" " ind2=" ">
    <subfield code="5">2013-10-26</subfield>
    <subfield code="b">NLR02</subfield>
    <subfield code="c">NLR02</subfield>
    <subfield code="e">RFS</subfield>
    <subfield code="f">5189412-10</subfield>
    <subfield code="k">20.95.2.139</subfield>
    <subfield code="o">0</subfield>
    <subfield code="r">BOOK</subfield>
    <subfield code="s">20952139_</subfield>
  </datafield>
  <datafield tag="995" ind1=" " ind2=" ">
    <subfield code="5">2013-10-26</subfield>
    <subfield code="b">NLR02</subfield>
    <subfield code="c">NLR02</subfield>
    <subfield code="e">RFS</subfield>
    <subfield code="f">5189412-20</subfield>
    <subfield code="k">20.86.6.23</subfield>
    <subfield code="o">0</subfield>
    <subfield code="r">BOOK</subfield>
    <subfield code="s">2086623_</subfield>
  </datafield>
</record>
